000 00285nam a2200121 i 4500
001 bg
245 0 _aTechnologie der Keramik.
_nBd. 2,
_pMechanische Prozesse.
260 _aBerlin,
_c1982.
040 _cBPK
041 _apol
942 _cKS
008 s pl f |000 0 pol
999 _c28207
_d28207
856 _uhttp://koha.tu.koszalin.pl/cgi-bin/koha/opac-detail.pl?biblionumber=28207
_yKatalog online BPK